| 000 | 01319nam a22003617a 4500 | ||
|---|---|---|---|
| 003 | CHAP | ||
| 005 | 20220329143438.0 | ||
| 008 | 090909s2008 mx ab r 00010 spa d | ||
| 010 | _a96716 | ||
| 011 | _a97688 | ||
| 020 | _a9789680303854 | ||
| 035 | _a108358 | ||
| 040 | _cCHAP | ||
| 082 | 0 | 4 |
_a333.7617 _bB63 |
| 100 | 0 | 0 |
_aBoege, Eckart. _913362 |
| 245 | 1 | 3 |
_aEl patrimonio biocultural de los pueblos indígenas de México : _bhacia la conservación in situ de la biodiversidad y agrodiversidad en los territorios indígenas _c/por Eckart Boege |
| 260 |
_aMéxico, D.F. : _bInstituto Nacional de Antropología e Historia, _c2008 |
||
| 300 |
_a342 p. : _bcuadros, fotos, gráfs., ilus., mapas |
||
| 590 |
_aBATCH-UPD _b10 _c20130110 _lUCH01 _h0905 |
||
| 590 |
_aBATCH-UPD _b10 _c20130410 _lUCH01 _h0532 |
||
| 590 |
_aBATCH-UPD _b10 _c20130914 _lUCH01 _h0259 |
||
| 590 |
_aCONVERSION _b10 _c20130109 _lUCH01 _h1353 |
||
| 650 | 1 | 4 |
_aAgrosistemas. _92212 |
| 650 | 1 | 4 |
_aBiodiversidad. _912724 |
| 650 | 1 | 4 |
_aDiversificación. _933009 |
| 650 | 1 | 4 |
_aIndios de México _xAgricultura. _957623 |
| 650 | 1 | 4 |
_aIndios de México _xCultura. _957627 |
| 650 | 1 | 4 |
_aSistemas de cultivo. _9106746 |
| 901 | _aBK | ||
| 911 | _aen proceso | ||
| 942 | _cLIBRO | ||
| 949 |
_a333.7617 B63 _bBC _cLIBRO _d33724002112785 _eLIBRO _h111488 _i108358 _si |
||
| 999 |
_c96716 _d96716 |
||